| 000 | 00519nam a2200169Ia 4500 | ||
|---|---|---|---|
| 999 |
_c8344 _d8344 |
||
| 003 | OSt | ||
| 005 | 20201007125745.0 | ||
| 008 | 190216s9999||||xx |||||||||||||| ||und|| | ||
| 040 | _coclc | ||
| 082 |
_a001.642 _bHOR/F |
||
| 100 |
_aHorowitz, Ellis _95384 |
||
| 245 | 0 |
_aFundatamentals Of Data Structures / _cEllis Horowitz ; Sartaj Sahni |
|
| 260 |
_bGalgotia Publication Pvt Ltd, _c1983. _aNew Delhi: |
||
| 300 | _a564p | ||
| 650 | _aComputer | ||
| 942 |
_cBK _2ddc _h001.642 _iHOR/F _k001.642 _mHOR/F |
||